Tantra kala mein prateek (Record no. 101891)

MARC details
000 -LEADER
fixed length control field 00373nam a2200145Ia 4500
008 - FIXED-LENGTH DATA ELEMENTS--GENERAL INFORMATION
fixed length control field 230917s9999||||xx |||||||||||||| ||und||
040 ## - CATALOGING SOURCE
-- 31991
Original cataloging agency VIVEKANANDA LIBRARY
041 ## - Language
-- English
082 ## - DDC NUMBER
Classification number 709.54 M691T
100 ## - MAIN ENTRY--PERSONAL NAME
Personal name Mishra, Ravindra Nath
245 #0 - TITLE STATEMENT
Title Tantra kala mein prateek
260 ## - PUBLICATION, DISTRIBUTION, ETC. (IMPRINT)
Place of publication, distribution, etc Naria
Name of publisher, distributor, etc Kala Evam Dharma Shodh Sansthan
Date of publication, distribution, etc 1996
300 ## - PHYSICAL DESCRIPTION
Pages 152 p.
942 ## - ADDED ENTRY ELEMENTS (KOHA)
Koha item type Books
Holdings
Withdrawn status Lost status Damaged status Not for loan Location (home branch) Sublocation or collection (holding branch) Date acquired Koha issues (times borrowed) Koha full call number Accession No. Koha date last seen Koha item type
        VIVEKANANDA LIBRARY VIVEKANANDA LIBRARY 08/08/2002 2 709.54 M691T 185785 28/02/2024 Books
© Designed and Maintained by Vivekananda Library, MDU Rohtak